Mental adjustments. (Record no. 148490)
[ view plain ]
| 000 -LEADER | |
|---|---|
| fixed length control field | 00568cam2a220020500 4500 |
| 001 - CONTROL NUMBER | |
| control field | tmp15206824 |
| 003 - CONTROL NUMBER IDENTIFIER | |
| control field | UPRA |
| 005 - DATE AND TIME OF LATEST TRANSACTION | |
| control field | 20190823102919.0 |
| 008 - FIXED-LENGTH DATA ELEMENTS--GENERAL INFORMATION | |
| fixed length control field | 950717s1917 nyu eng u |
| 035 ## - SYSTEM CONTROL NUMBER | |
| System control number | (Sirsi) r99596 |
| 035 ## - SYSTEM CONTROL NUMBER | |
| System control number | (UPRA)tmp15206824 |
| 040 ## - CATALOGING SOURCE | |
| Transcribing agency | UPRA |
| 100 1# - MAIN ENTRY--PERSONAL NAME | |
| Personal name | Wells, Frederic Lyman. |
| Linkage | A58021.1 |
| 245 10 - TITLE STATEMENT | |
| Title | Mental adjustments. |
| 260 ## - PUBLICATION, DISTRIBUTION, ETC. | |
| Place of publication, distribution, etc. | New York : |
| Name of publisher, distributor, etc. | D. Appleton, |
| Date of publication, distribution, etc. | 1917. |
| 504 ## - BIBLIOGRAPHY, ETC. NOTE | |
| Bibliography, etc. note | Bibliographical footnotes. |
| 650 #0 - SUBJECT ADDED ENTRY--TOPICAL TERM | |
| Topical term or geographic name entry element | Psychophysiology. |
| Linkage | S2214.1 |
| 949 ## - LOCAL PROCESSING INFORMATION (OCLC) | |
| a | BF191 |
| w | lcc |
| i | 33729005745489 |
| m | MAIN |
| t | BOOK |
| l | ON-SHELF |
No items available.